000 00489nam a2200181Ia 4500
001 15775
005 20260306170220.0
008 260306t1999||||xx |||||||||||||| ||und||
041 _aESP
082 _a620.0042
_bC27
100 _aCapuz Rizo, Salvador
_eAUT
245 0 _aIntroducción al proyecto de producción:
_bingeniería concurrente para el diseño de producto
260 _c1999
300 _a218 páginas :
_c
650 _aGEN
654 _aCII
942 _cLIB
_dJUS
_fJUS
_2ddc
_n
999 _c15775
_d15775